000 01693nam1a2200313 i 4500
001 RU\NLR\bibl\800795
005 20260408161234.0
035 _a(NLR Aleph) 000789967
090 _a1115460
_c1115460
100 _a20050518g20029999u y0rusy50 ca
101 0 _arus
102 _aRU
105 _a||||b |||||
200 1 _aКаталог книг Японского информационного центра ДВГНБ, поступивших в 2001 году
_fДальневост. гос. науч. б-ка
_g[редкол.: Л.А. Рекуш (сост.), ... Т.В. Кузнецова (гл. ред.) и др.]
210 _aХабаровск
_cИмпульс-Восток ВТ
_d2002
215 _d21
463 0 _1001742885
601 0 2 _aДальневосточная государственная научная библиотека
_bЯпонский информационный центр
_cХабаровск, город
_jКаталоги
_92381133
_3RU\NLR\auth\661420670
606 _aЯпоноведение
_jБиблиография
_3RU\NLR\auth\66267188
_91383274
686 _aЯ181(2)22
686 _aТ3(5Я)я18
702 1 _aРекуш
_bЛ. А.
_4220
702 1 _4340
_8rus
_7ca
_aКузнецова
_bТ. В.
_cканд. ист. наук
_gТатьяна Валентиновна
_3RU\NLR\auth\7745753
_928688
711 0 2 _aДальневосточная государственная научная библиотека
_cХабаровск
_bЯпонский информационный центр
_3RU\NLR\AUTH\8810064001
_9629588
801 0 _aRU
_bNLR
_c20050518
_grcr
801 1 _aRU
_bNLR
_c20050518
852 _aNLR
_jС 2005-2/130
942 _cBOOK